Yleistieto - Intian valtameri - Statistics

Yleistilastot
  • Tätä visaa on pelattu 527 kertaa
  • Keskiarvotulos 10 / 20
Vastaustilastot
Kysymys Vastaus % Oikein
Mikä saari tunnettiin aiemmin nimellä Ceylon? Sri Lanka
88%
Mikä on suurin Intian valtameressä sijaitseva saari? Madagaskar
75%
Mikä kanava yhdistää Välimeren ja Punaisenmeren? Suezin kanava
73%
Mikä valtio hallitsee Réunionin saarta? Ranska
70%
Mikä merenlahti rajautuu Irakiin, Iraniin ja Qatariin? {Persian}lahti
68%
Mikä on Australian väkirikkain Intian valtameren rannalla sijaitseva kaupunki? Perth
65%
Kaksi yli 15 miljoonan asukkaan kaupunkialuetta sijaitsee Intian valtameren rannalla. Mitkä ne ovat? Mumbai
56%
Mikä joki virtaa Bangladeshin halki, ennen kuin se laskeutuu Intian valtamereen? Ganges / Brahmaputra
49%
Mikä meri rajautuu Intiaan, Pakistaniin ja Omaniin? {Arabian}meri
46%
Mikä lahti erottaa Intian Myanmarista? {Bengalin}lahti
46%
Mikä lintu eli Mauritiuksen saarella, mutta kuoli sukupuuttoon 1600-luvulla? Dodo
46%
Mikä Tansanialle kuuluva saari oli aikoinaan merkittävä kaupankäynnin keskus? Sansibar
42%
Kuka oli ensimmäinen eurooppalainen tutkimusmatkailija, joka purjehti Euroopasta Intiaan? Vasco da Gama
42%
Mikä kieli toimii lingua francana Keniassa ja Tansaniassa? Swahili
41%
Mikä on Kenian väkirikkain Intian valtameren rannalla sijaitseva kaupunki? Mombasa
40%
Kuka kuvitteellinen arabialainen merenkulkija purjehti seitsemällä merellä? Sindbad
32%
Mikä valtio hallitsee Sokotran saarta? Jemen
28%
Kaksi yli 15 miljoonan asukkaan kaupunkialuetta sijaitsee Intian valtameren rannalla. Mitkä ne ovat? Karachi
28%
Mikä kaupunki on rakentamassa pilvenpiirtäjää, joka olisi valmistuessaan maailman korkein rakennus? Jedda
23%
Mikä maailmantaloudellisesti erittäin merkittävä salmi yhdistää Intian valtameren ja Tyynenmeren Sumatran pohjoisosan itäpuolella? {Malakan}salmi
18%
Ehtoja vastaavia visoja ei löytynyt
Tulosjakauma
Jokaisen tuloksen saaneiden osuus
Persentiili vastausten määrän mukaan
Tuloshistoriasi
Et ole pelannut tätä visaa